[Event "WchT Seniors 50"]
[Site "Prague"]
[Date "2020.03.12"]
[Round "7.2"]
[White "Asomaki, Pekka"]
[Black "Klaiss, Thomas"]
[Result "1-0"]
[WhiteElo "2122"]
[BlackElo "1991"]
[PlyCount "143"]
[EventDate "2020.03.06"]
[EventType "team-swiss"]
[EventRounds "7"]
[EventCountry "CZE"]
[SourceTitle "CBM 195 Extra"]
[Source "ChessBase"]
[SourceDate "2020.05.31"]
[SourceVersion "1"]
[SourceVersionDate "2020.05.31"]
[SourceQuality "1"]
[WhiteTeam "Finland 50"]
[BlackTeam "Germany 50 VII"]
[WhiteTeamCountry "FIN"]
[BlackTeamCountry "GER"]

1. e4 e5 2. Nf3 Nf6 3. Nxe5 d6 4. Nf3 Nxe4 5. d4 d5 6. Bd3 Be7 7. 0-0 0-0 8. c4 c6 9. Nc3 Nxc3 10. bxc3 dxc4 11. Bxc4 Bg4 12. h3 Bh5 13. Bf4 Nd7 14. g4 Bg6 15. Ne5 Nb6 16. Nxg6 hxg6 17. Bb3 Nd5 18. Bd2 g5 19. Qf3 Qd6 20. Rfe1 Bf6 21. Re2 Rae8 22. Rae1 Rxe2 23. Rxe2 Nf4 24. Re4 Ng6 25. Qd3 Bd8 26. Bc2 Qd7 27. f4 Re8 28. fxg5 Bc7 29. Kf1 Rxe4 30. Qxe4 Qd6 31. Qe8+ Nf8 32. g6 Qf6+ 33. Kg2 fxg6 34. Bb3+ Kh7 35. g5 Qf5 36. Qe1 Kh8 37. Qe7 Bf4 38. Bf7 Bd6 39. Qxd6 Qxf7 40. c4 Kh7 41. d5 cxd5 42. cxd5 Qf5 43. Bf4 Nd7 44. Qe6 Nb6 45. Qxf5 gxf5 46. d6 Nd7 47. Kf3 Kg6 48. h4 Kf7 49. h5 Ke6 50. Ke3 a6 51. Kd4 b6 52. Bg3 Nf8 53. Be5 g6 54. Bg7 Nh7 55. hxg6 Nxg5 56. Bh6 Ne4 57. g7 Nf6 58. Bg5 Ng8 59. Be7 Nh6 60. Bf8 Ng8 61. Ke3 Nf6 62. Be7 Ng8 63. Kf4 b5 64. Ke3 a5 65. Kd4 f4 66. Kc5 f3 67. Bh4 Kd7 68. Bg3 b4 69. Kb5 f2 70. Bxf2 Kxd6 71. Kxa5 Kc6 72. Kxb4 1-0

[Event "GER Cup"]
[Site "Wiesbaden/Niedernhausen"]
[Date "2015.06.04"]
[Round "2.8"]
[White "Klaiss, Thomas"]
[Black "Erlach, Olaf"]
[Result "1/2-1/2"]
[WhiteElo "1945"]
[BlackElo "2100"]
[PlyCount "87"]
[EventDate "2015.06.04"]
[EventType "k.o."]
[EventRounds "5"]
[EventCountry "GER"]
[SourceTitle "EXT 2017"]
[Source "ChessBase"]
[SourceDate "2016.10.25"]
[SourceVersion "1"]
[SourceVersionDate "2016.10.25"]
[SourceQuality "1"]

1. e4 e5 2. Nf3 Nf6 3. Nxe5 d6 4. Nf3 Nxe4 5. Nc3 Nxc3 6. dxc3 Be7 7. Be3 Nc6 8. Qd2 Be6 9. Nd4 Nxd4 10. cxd4 d5 11. Bd3 0-0 12. 0-0 Qd7 13. Rfe1 Rfe8 14. c3 Bd6 15. Bf4 Re7 16. Re2 Rae8 17. Rae1 Bf5 18. Bxd6 Rxe2 19. Rxe2 Rxe2 20. Bxe2 Qxd6 21. Qe3 Bd7 22. Bd3 h6 23. f4 Kf8 24. Kf2 b6 25. g3 c5 26. Qe5 Qxe5 27. fxe5 Ke7 28. Ke3 f6 29. exf6+ Kxf6 30. h4 g5 31. Bf1 Kg6 32. Bd3+ Kf6 33. Be2 a5 34. a3 gxh4 35. gxh4 Be6 36. Kf4 Bf7 37. Bf3 Ke6 38. Bg4+ Kf6 39. dxc5 bxc5 40. b4 axb4 41. cxb4 cxb4 42. axb4 Be8 43. Bc8 Bb5 44. Bg4 1/2-1/2